|
|
|
|
| LEADER |
00000nas a22000007i 4500 |
| 001 |
ssj0002333 |
| 003 |
WaSeSS |
| 005 |
20200512172242.0 |
| 006 |
m d |
| 007 |
cr n |
| 008 |
980309c19679999nyuqr p s o 0 a0eng |
| 010 |
|
|
|a 2019200918
|
| 016 |
7 |
|
|a 002557964
|2 IsJJNL
|
| 022 |
|
|
|a 2641-9238
|y 0009-7004
|
| 035 |
|
|
|a (WaSeSS)ssj0002333
|
| 037 |
|
|
|b Cineaste, 333 Sixth Ave., New York, NY 10014
|
| 040 |
|
|
|a FGA
|b eng
|c FGA
|d OCL
|d OCLCQ
|d AZU
|d CO3
|d NZAUC
|d J9U
|d OCLCQ
|d TXA
|d EYM
|d OCLCF
|d UKBOL
|d FIE
|d CUD
|d SFB
|d OCLCQ
|d RCE
|d DLC
|d VT2
|d CEF
|d WaSeSS
|
| 042 |
|
|
|a nsdp
|a pcc
|
| 050 |
1 |
4 |
|a PN1993
|b .C5177
|
| 082 |
0 |
4 |
|a 791
|
| 130 |
0 |
|
|a Cineaste (New York, N.Y.)
|
| 210 |
0 |
|
|a Cinéaste
|b (N.Y.N.Y. Online)
|
| 222 |
|
0 |
|a Cinéaste
|b (New York, N.Y. Online)
|
| 245 |
1 |
0 |
|a Cinéaste
|h [electronic resource].
|
| 246 |
1 |
|
|a Cinéaste magazine
|
| 260 |
|
|
|a New York, NY :
|b [Cineaste Magazine],
|c 1967-
|
| 310 |
|
|
|a Quarterly
|
| 362 |
1 |
|
|a Print began with vol. 1 (summer 1967).
|
| 500 |
|
|
|a "America's leading magazine on the art and politics of the cinema".
|
| 506 |
|
|
|a License restrictions may limit access.
|
| 515 |
|
|
|a Vol. 1-3, no. 1 called also whole no. 1-9.
|
| 588 |
|
|
|a Description based on: Vol. 1, no. 1 (Summer 1967); title from PDF cover image (JSTOR website, viewed on February 22, 2019).
|
| 588 |
|
|
|a Latest issue cosnulted: Vol. XLIV no. 1 (Winter 2018) (Exacteditons website, viewed February 22, 2019).
|
| 650 |
|
0 |
|a Motion pictures
|v Periodicals.
|
| 650 |
|
7 |
|a Motion pictures.
|2 fast
|0 (OCoLC)fst01027285
|
| 653 |
|
|
|a Art and design
|
| 655 |
|
0 |
|a Electronic journals.
|
| 776 |
0 |
8 |
|i Print version:
|t Cineaste
|x 0009-7004
|w (DLC)sf 80000448
|w (OCoLC)1780823
|
| 856 |
4 |
0 |
|z Full text available from Research Library: 04/01/1996 to present
|u https://search.proquest.com/publication/49277
|